000 00672nam a2200241Ia 4500
003 OSt
005 20220912150716.0
006 a|||||r|||| 00| 0
007 ta
008 220909b |||||||| |||| 00| 0 eng d
020 _a8176494518 (hbd)
024 _a11942
037 _cTextual
040 _aCSL
_beng
_cCSL
041 _aeng
082 _aCx, P3
100 _aHawking Stephen Ed.
245 0 _aOn the shoulders of giants: The great works of physics and astronomy
260 _aNew Delhi
_b Viva Books Private Limited
_c2003
300 _axiii, 1264p.
_ccm.
942 _hCx, P3
_cTEXL
_2CC
999 _c53063
_d53063